Η εφαρμογή της βιογραφικής μεθόδου για την καταγραφή ιστοριών ζωής απεξαρτημένων από ναρκωτικές ουσίες ατόμων και των γονέων τους : διπλωματική εργασία [μεταπτυχιακή]

Αποθηκεύτηκε σε:
Λεπτομέρειες βιβλιογραφικής εγγραφής
Κύριος συγγραφέας: Κατσικά, Αικατερίνη
Συγγραφή απο Οργανισμό/Αρχή: Πανεπιστήμιο Αιγαίου Σχολή Κοινωνικών Επιστημών Τμήμα Κοινωνιολογίας Μεταπτυχιακό Πρόγραμμα Σπουδών Έρευνα για την Τοπική Κοινωνική Ανάπτυξη και Συνοχή
Άλλοι συγγραφείς: Γεωργούλας, Στράτος (Εισηγητής διατριβής)
Μορφή: Thesis Βιβλίο
Γλώσσα:Greek
Δημοσίευση: 2012
Θέματα:
Διαθέσιμο Online:http://hdl.handle.net/11610/11962
Ετικέτες: Προσθήκη ετικέτας
Δεν υπάρχουν, Καταχωρήστε ετικέτα πρώτοι!

MARC

LEADER 00000cam a2200000 i 4500
001 1/35231
008 130822s2012 gre d
035 |l 10115422 
040 |a GR-MY-UA  |b gre  |e aacr 
041 0 |a gre 
082 0 |a 362.29  |2 (22) 
100 1 |a Κατσικά, Αικατερίνη. 
245 1 2 |a Η εφαρμογή της βιογραφικής μεθόδου για την καταγραφή ιστοριών ζωής απεξαρτημένων από ναρκωτικές ουσίες ατόμων και των γονέων τους :  |b διπλωματική εργασία [μεταπτυχιακή] /  |c Κατσικά Αικατερίνη ; επιβλέπων καθηγητής: Γεωργούλας Ευστράτιος 
260 |c 2012 
300 |a 209 σ.;  |c 30 εκ. 
500 |a Βιβλιογραφία: σ. 92-93, παράρτημα 
502 |a Διατριβή (μεταπτυχιακή) – Πανεπιστήμιο Αιγαίου, Λέσβος, 2012. 
650 0 0 |a Drug addicts  |x Rehabilitation. 
650 0 0 |a Drug addicts  |x Interviews. 
650 0 0 |a Drug abuse  |x Social aspects  |z Greece. 
650 0 0 |a Drug abuse surveys  |z Greece. 
650 0 0 |a Dissertations, Academic  |z Greece. 
700 1 |4 ths  |a Γεωργούλας, Στράτος. 
710 2 |a Πανεπιστήμιο Αιγαίου  |b Σχολή Κοινωνικών Επιστημών  |b Τμήμα Κοινωνιολογίας  |b Μεταπτυχιακό Πρόγραμμα Σπουδών Έρευνα για την Τοπική Κοινωνική Ανάπτυξη και Συνοχή. 
852 |a INST  |b LESVOS  |c DIATR  |e 20130822  |h 211  |p 005100053013  |q 005100053013  |t MTXE  |y 23 
852 |a INST  |b LESVOS  |c DIATR  |e 20130822  |h 212  |p 005100053012  |q 005100053012  |t MTXE  |y 23 
856 |u http://hdl.handle.net/11610/11962 
901 |a BIBL1-2013-2 
909 |a Λ  |b 182011 
909 |a Λ  |b 182012 
924 |a ΚΑΤΣΙΚΑ  |b ΑΙΚΑΤΕΡΙΝΗ  |y ΛΕΣΒΟΣ  |z 2013-06 
970 |a ΤΖΑΦΕΡΗ  |b ΕΥΑΓΓΕΛΙΑ  |z 2013/08/25